<?xml version="1.0" encoding="UTF-8"?><record xmlns="http://www.loc.gov/MARC21/slim" xmlns:zs="http://docs.oasis-open.org/ns/search-ws/sruResponse">
  <leader>00788nz  a2200157n  4500</leader>
  <controlfield tag="001">no2009190226</controlfield>
  <controlfield tag="003">DLC</controlfield>
  <controlfield tag="005">20091127075154.0</controlfield>
  <controlfield tag="008">091125n| acannaabn          |n aaa     c</controlfield>
  <datafield ind1=" " ind2=" " tag="010">
    <subfield code="a">no2009190226</subfield>
  </datafield>
  <datafield ind1=" " ind2=" " tag="035">
    <subfield code="a">(OCoLC)oca08318795</subfield>
  </datafield>
  <datafield ind1=" " ind2=" " tag="040">
    <subfield code="a">DCS</subfield>
    <subfield code="b">eng</subfield>
    <subfield code="c">DCS</subfield>
  </datafield>
  <datafield ind1="1" ind2=" " tag="100">
    <subfield code="a">Catlin, Theron E.</subfield>
    <subfield code="q">(Theron Ephron),</subfield>
    <subfield code="d">1878-1960</subfield>
  </datafield>
  <datafield ind1=" " ind2=" " tag="670">
    <subfield code="a">U.S. Cong. House. Committee on Elections No. 2. Contested election case of Gill v. Catlin, hearings ... 1912:</subfield>
    <subfield code="b">t.p. (Theron E. Catlin)</subfield>
  </datafield>
  <datafield ind1=" " ind2=" " tag="670">
    <subfield code="a">OCLC database, Nov. 25, 2009</subfield>
    <subfield code="b">(hdg.: Catlin, Theron E. (1 record); Catlin, Theron Ephron, 1878-1960 (4 records); no usage)</subfield>
  </datafield>
  <datafield ind1=" " ind2=" " tag="670">
    <subfield code="a">Bio. dir. of the U.S. Congress web site, Nov. 25, 2009 (Theron Ephron Catlin, a Representative from Missouri; b. May 16, 1878, St. Louis Mo.; d. Mar. 19, 1960, St. Louis, Mo.)</subfield>
  </datafield>
</record>
